000 00570nam a2200169 a 4500
005 20140310182404.0
008 970101s19uu xx 00 eng d
020 _a971-892705-0
050 _aDS 686.614
_b.R175 1998
100 _aRamos, Fidel V.
245 _aThe continuity of freedom :
_ba democratic and reformist society is our unique competitive advantage /
_cFidel V. Ramos.
260 _aManila :
_bF.G. Cabading,
_c1998.
300 _aVll, 400 p., 22 cm.
500 _aIncludes index.
650 _aPhilippines .President (1992-1998 ;Ramos)
942 _cBK
_2lcc
999 _c12671
_d12671